Todas as Formas de Países Europeus - Statistics

Estatísticas Gerais
  • Esse quiz foi jogado 6 426 vezes
  • A pontuação média é 24 de 45
Estatísticas das Respostas
Imagem Resposta % Correto
Espanha
95%
Reino Unido
91%
França
89%
Itália
86%
Noruega
86%
Alemanha
82%
Rússia
82%
Grécia
81%
Islândia
78%
Portugal
77%
Croácia
73%
Suécia
72%
Dinamarca
66%
Áustria
65%
Polônia
57%
Finlândia
55%
Ucrânia
55%
Albânia
54%
Kosovo
50%
Países Baixos
50%
Sérvia
50%
Romênia
49%
Suíça
47%
Eslováquia
46%
Mônaco
46%
Vaticano
46%
Bósnia e Herzegovina
45%
Irlanda
45%
Malta
44%
Bulgária
43%
Bielorrússia
38%
Moldávia
38%
República Checa
38%
Estônia
37%
Letónia
34%
Macedónia do Norte
34%
Hungria
32%
Bélgica
30%
Lituânia
28%
Liechtenstein
27%
Luxemburgo
27%
Montenegro
27%
Eslovénia
26%
Andorra
22%
San Marino
21%
Nenhum quiz correspondente encontrado
Distribuição das Pontuações
Porcentagem de Pessoas com Cada Pontuação
Percentil de Números Respondidos
Sua Pontuação Histórica
Você não jogou esse quiz